00431nam a22001457a 450000500170000000800410001702000290005804100120008708200130009910000270011224500420013926000480018130000320022965000240026120231204094356.0231204b |||||||| |||| 00| 0 eng d a0409011967 ; 0409011975  aEnglish a349 JOU  aJoubert, WA lEnglish  aThe Law of South Africa /cWA Joubert aDurban : bLexisNexis Butterworths, c2003  bxvii, 569 pages ; c26 cm.  aLegal practicebLaw